000 00299nam a2200121Ia 4500
008 211105s9999 xx 000 0 und d
020 _aVYASA05301
100 _aSingh Inderbir
245 0 _aHuman Histology
250 _a\N
260 _bJeypee BrothersMedical Publishers [p] Ltd
_c\N
300 _a310p.
999 _c7279
_d7279